000 002490000a22000970004500
100 1 _aFeldman, Louis H.
245 1 0 _aJosephus' portrait of Elisha
300 _aVol. 36, Num. 1 (Enero, 1994), Páginas 1-28
773 0 _tNovum Testamentum
942 _cANA
999 _c56855
_d56855